[Event "NRW Class2 0405"]
[Site "Germany"]
[Date "2005.04.24"]
[Round "9.2"]
[White "Heinbuch, Detlef Ulrich"]
[Black "Heil, Siegfried"]
[Result "1/2-1/2"]
[WhiteElo "2345"]
[BlackElo "2340"]
[PlyCount "78"]
[EventDate "2004.10.10"]
[EventType "team"]
[EventRounds "9"]
[EventCountry "GER"]
[SourceTitle "EXT 2006"]
[Source "ChessBase"]
[SourceDate "2005.11.24"]
[SourceVersion "1"]
[SourceVersionDate "2005.11.24"]
[SourceQuality "1"]
[WhiteTeam "Godesberg II"]
[BlackTeam "Duesseldorf"]
[WhiteTeamCountry "GER"]
[BlackTeamCountry "GER"]

1. d4 d5 2. c4 Bf5 3. Nc3 e6 4. Nf3 Bb4 5. cxd5 exd5 6. g3 c6 7. Bg2 Nf6 8. 0-0 0-0 9. Bg5 Be7 10. Bxf6 Bxf6 11. b4 a6 12. e3 Nd7 13. Nd2 Be7 14. a3 Nb6 15. Qe2 Re8 16. Rfc1 Bf6 17. Qd1 Qd6 18. Bf1 Nd7 19. Nb3 b5 20. Na5 Rec8 21. Nb1 Nb6 22. Nd2 Nc4 23. Ndb3 Rcb8 24. Nc5 Nxa5 25. bxa5 Bd8 26. Qd2 h5 27. Nb3 Rc8 28. Bd3 Bxd3 29. Qxd3 h4 30. Qf5 hxg3 31. hxg3 g6 32. Qg4 Kg7 33. Kg2 Bc7 34. Rc5 f5 35. Qf3 Bd8 36. Rc2 Bc7 37. Rc5 Bb8 38. Rc2 Bc7 39. Rc5 Bb8 1/2-1/2

[Event "GER-chT Seniors 12th"]
[Site "Finsterbergen"]
[Date "2003.08.12"]
[Round "3.2"]
[White "Neukirch, Detlef"]
[Black "Heil, Siegfried"]
[Result "1-0"]
[WhiteElo "2259"]
[BlackElo "2342"]
[PlyCount "61"]
[EventDate "2003.08.10"]
[EventType "team"]
[EventRounds "7"]
[EventCountry "GER"]
[SourceTitle "EXT 2012"]
[Source "ChessBase"]
[SourceDate "2011.11.24"]
[SourceVersion "1"]
[SourceVersionDate "2011.11.24"]
[SourceQuality "1"]
[WhiteTeam "Sachsen Anhalt Seniors"]
[BlackTeam "Nordrhein Westfalen"]
[WhiteTeamCountry "GER"]
[BlackTeamCountry "GER"]

1. e4 e6 2. d4 d5 3. e5 c5 4. c3 Nc6 5. Nf3 Bd7 6. a3 c4 7. Nbd2 Na5 8. g3 Bc6 9. Bg2 Qd7 10. 0-0 Ba4 11. Qe2 Bc2 12. Ne1 Bg6 13. h4 h5 14. Bf3 Ne7 15. Qd1 Qb5 16. Ng2 Bd3 17. Re1 g6 18. Be2 Bxe2 19. Qxe2 Qb6 20. Rb1 Bh6 21. Nf3 Bxc1 22. Rexc1 Nf5 23. Ne3 Nxe3 24. fxe3 0-0 25. Rf1 Nc6 26. Ng5 Rae8 27. Rf6 Ne7 28. Rbf1 Nf5 29. R1xf5 exf5 30. Rxb6 axb6 31. Qf3 1-0

[Event "GER-chT Seniors 12th"]
[Site "Finsterbergen"]
[Date "2003.08.11"]
[Round "2.2"]
[White "Heil, Siegfried"]
[Black "Koepcke, Hans Peter"]
[Result "1/2-1/2"]
[WhiteElo "2342"]
[BlackElo "2098"]
[PlyCount "52"]
[EventDate "2003.08.10"]
[EventType "team"]
[EventRounds "7"]
[EventCountry "GER"]
[SourceTitle "EXT 2012"]
[Source "ChessBase"]
[SourceDate "2011.11.24"]
[SourceVersion "1"]
[SourceVersionDate "2011.11.24"]
[SourceQuality "1"]
[WhiteTeam "Nordrhein Westfalen"]
[BlackTeam "Hamburg"]
[WhiteTeamCountry "GER"]
[BlackTeamCountry "GER"]

1. e4 e5 2. Bc4 Nf6 3. d4 exd4 4. Nf3 d5 5. exd5 Bb4+ 6. Kf1 Bg4 7. Qxd4 Bxf3 8. gxf3 0-0 9. Rg1 Nc6 10. Qd1 Ne5 11. Bb3 Qd7 12. Kg2 Rad8 13. c4 c6 14. Bg5 Qf5 15. Bxf6 Qxf6 16. Nc3 Bxc3 17. bxc3 Ng6 18. Qd4 Nh4+ 19. Kh3 Qxd4 20. cxd4 Nxf3 21. Rgd1 Ng5+ 22. Kg2 cxd5 23. cxd5 Ne4 24. Rac1 Rc8 25. Kf3 Nd6 26. Rc5 Rfd8 1/2-1/2

[Event "GER-ch Seniors 15th"]
[Site "Bad Wiessee"]
[Date "2003.05.16"]
[Round "7.23"]
[White "Heil, Siegfried"]
[Black "Patzer, Joachim"]
[Result "1-0"]
[WhiteElo "2323"]
[BlackElo "2068"]
[PlyCount "81"]
[EventDate "2003.05.??"]
[EventType "swiss"]
[EventRounds "9"]
[EventCountry "GER"]
[SourceTitle "CBM 094 Extra"]
[Source "ChessBase"]
[SourceDate "2003.07.09"]
[SourceVersion "2"]
[SourceVersionDate "2003.07.09"]
[SourceQuality "1"]

1. e4 c5 2. Nf3 a6 3. c4 Nc6 4. d4 cxd4 5. Nxd4 g6 6. Nc3 Bg7 7. Be3 d6 8. Be2 Bd7 9. 0-0 Nf6 10. h3 0-0 11. Qd2 Nxd4 12. Bxd4 Bc6 13. Qe3 Nd7 14. Bxg7 Kxg7 15. b4 b6 16. Rfd1 Re8 17. a3 Qc7 18. Rac1 Qa7 19. f4 h6 20. Kh1 Kh7 21. Bf3 b5 22. Qe2 Rab8 23. Qa2 Kg7 24. Qb2 Kg8 25. Qe2 Rec8 26. cxb5 Bxb5 27. Nxb5 axb5 28. Rxc8+ Rxc8 29. Qxb5 Rc7 30. Qd3 Qa4 31. Ra1 Nb6 32. Bd1 Qc6 33. a4 Qc4 34. Qxc4 Rxc4 35. a5 Nc8 36. b5 Rb4 37. Rc1 Nb6 38. axb6 Rxb5 39. Rc6 Rb1 40. Kh2 Kg7 41. Bf3 1-0

[Event "GER-ch Seniors 15th"]
[Site "Bad Wiessee"]
[Date "2003.05.12"]
[Round "3.24"]
[White "Heil, Siegfried"]
[Black "Mentel, Juergen"]
[Result "1-0"]
[WhiteElo "2323"]
[BlackElo "2078"]
[PlyCount "57"]
[EventDate "2003.05.??"]
[EventType "swiss"]
[EventRounds "9"]
[EventCountry "GER"]
[SourceTitle "CBM 094 Extra"]
[Source "ChessBase"]
[SourceDate "2003.07.09"]
[SourceVersion "2"]
[SourceVersionDate "2003.07.09"]
[SourceQuality "1"]

1. e4 c5 2. Nf3 a6 3. c4 Nc6 4. d4 cxd4 5. Nxd4 g6 6. Nc3 Bg7 7. Be3 d6 8. Be2 Bd7 9. 0-0 Nf6 10. h3 0-0 11. Qd2 Nxd4 12. Bxd4 Bc6 13. Rad1 e5 14. Be3 Nxe4 15. Nxe4 Bxe4 16. Qxd6 Qa5 17. Qb6 Qa4 18. f3 Bf5 19. b3 Qxa2 20. Rd2 Bc2 21. Bd1 Qxb3 22. Qxb3 Bxb3 23. Bxb3 b5 24. Rd7 Rac8 25. Rc1 b4 26. c5 h5 27. Ra7 Rfd8 28. Bxf7+ Kf8 29. c6 1-0

[Event "Oberliga NRW 0203 I"]
[Site "Germany"]
[Date "2003.01.05"]
[Round "4.2"]
[White "Gerusel, Mathias"]
[Black "Heil, Siegfried"]
[Result "1/2-1/2"]
[WhiteElo "2318"]
[BlackElo "2309"]
[PlyCount "22"]
[EventDate "2002.10.06"]
[EventType "team"]
[EventRounds "9"]
[EventCountry "GER"]
[SourceTitle "EXT 2004"]
[Source "ChessBase"]
[SourceDate "2003.11.25"]
[SourceVersion "1"]
[SourceVersionDate "2003.11.25"]
[SourceQuality "1"]
[WhiteTeam "Godesberg II"]
[BlackTeam "Duesseldorf"]
[WhiteTeamCountry "GER"]
[BlackTeamCountry "GER"]

1. d4 d5 2. c4 e6 3. Nc3 c5 4. cxd5 exd5 5. Nf3 Nc6 6. g3 c4 7. Bg2 Bb4 8. 0-0 Nge7 9. e4 0-0 10. exd5 Nxd5 11. Nxd5 Qxd5 1/2-1/2

[Event "Oberliga NRW 0203 I"]
[Site "Germany"]
[Date "2002.12.08"]
[Round "3.3"]
[White "Noetzel, Frank"]
[Black "Heil, Siegfried"]
[Result "1/2-1/2"]
[WhiteElo "2258"]
[BlackElo "2309"]
[PlyCount "48"]
[EventDate "2002.10.06"]
[EventType "team"]
[EventRounds "9"]
[EventCountry "GER"]
[SourceTitle "EXT 2004"]
[Source "ChessBase"]
[SourceDate "2003.11.25"]
[SourceVersion "1"]
[SourceVersionDate "2003.11.25"]
[SourceQuality "1"]
[WhiteTeam "Elberfeld"]
[BlackTeam "Duesseldorf"]
[WhiteTeamCountry "GER"]
[BlackTeamCountry "GER"]

1. e4 e6 2. d4 d5 3. Nc3 Bb4 4. Nge2 Nf6 5. e5 Ne4 6. Qd3 c5 7. dxc5 Nc6 8. Be3 Qa5 9. f4 b6 10. Nc1 bxc5 11. Nb3 Qc7 12. Nd2 f5 13. exf6 Nxf6 14. Nb5 Qe7 15. c3 Ba5 16. Nf3 Rb8 17. Qc2 0-0 18. 0-0-0 Ng4 19. Bg1 Ba6 20. a4 Rxf4 21. h3 Nge5 22. Bh2 Re4 23. Nd2 Rh4 24. Nf3 Re4 1/2-1/2

[Event "Oberliga NRW 0203 I"]
[Site "Germany"]
[Date "2002.11.10"]
[Round "2.2"]
[White "Cmiel, Thorsten"]
[Black "Heil, Siegfried"]
[Result "1/2-1/2"]
[WhiteElo "2316"]
[BlackElo "2309"]
[PlyCount "38"]
[EventDate "2002.10.06"]
[EventType "team"]
[EventRounds "9"]
[EventCountry "GER"]
[SourceTitle "EXT 2004"]
[Source "ChessBase"]
[SourceDate "2003.11.25"]
[SourceVersion "1"]
[SourceVersionDate "2003.11.25"]
[SourceQuality "1"]
[WhiteTeam "Krefeld"]
[BlackTeam "Duesseldorf"]
[WhiteTeamCountry "GER"]
[BlackTeamCountry "GER"]

1. Nf3 d5 2. c4 c6 3. b3 Bf5 4. Bb2 e6 5. g3 Nd7 6. Bg2 Ngf6 7. 0-0 h6 8. d3 Bc5 9. a3 a5 10. Nbd2 0-0 11. Qc2 Qe7 12. Ra2 e5 13. e4 dxe4 14. dxe4 Bg6 15. Nh4 Bh7 16. Nf5 Bxf5 17. exf5 Rfe8 18. Ne4 Nxe4 19. Bxe4 Nf6 1/2-1/2

[Event "GER-chT Seniors 11th"]
[Site "Bad Segeberg"]
[Date "2002.08.06"]
[Round "1.1"]
[White "Raetsch, Heinz"]
[Black "Heil, Siegfried"]
[Result "0-1"]
[WhiteElo "2097"]
[BlackElo "2309"]
[PlyCount "67"]
[EventDate "2002.08.06"]
[EventType "team"]
[EventRounds "7"]
[EventCountry "GER"]
[SourceTitle "EXT 2003"]
[Source "ChessBase"]
[SourceDate "2002.11.25"]
[SourceVersion "1"]
[SourceVersionDate "2002.11.25"]
[SourceQuality "1"]
[WhiteTeam "Thueringen"]
[BlackTeam "Nordrhein Westfalen"]
[WhiteTeamCountry "GER"]
[BlackTeamCountry "GER"]

1. e4 e6 2. d4 d5 3. Nc3 Bb4 4. Nge2 dxe4 5. a3 Be7 6. Nxe4 b6 7. c4 Bb7 8. N2c3 Nf6 9. Qd3 0-0 10. Be2 Nxe4 11. Nxe4 Nc6 12. Be3 f5 13. Nc3 f4 14. Qe4 fxe3 15. Qxe6+ Kh8 16. fxe3 Bh4+ 17. Kd1 Nxd4 18. exd4 Qxd4+ 19. Kc2 Rad8 20. Rhf1 Bf6 21. Qg4 Be4+ 22. Kb3 b5 23. Rad1 bxc4+ 24. Ka2 Qe3 25. Bxc4 Bxc3 26. bxc3 Rf2+ 27. Rxf2 Qxf2+ 28. Ka1 Rb8 29. Bb5 Qc5 30. Qxe4 Qxa3+ 31. Kb1 Rxb5+ 32. Kc2 Qb3+ 33. Kd2 Rd5+ 34. Ke3 0-1

[Event "Mecklenburg VP-ch Seniors 01st"]
[Site "Plau am See"]
[Date "2001.10.13"]
[Round "9"]
[White "Heil, Siegfried"]
[Black "Groenegress, Wilfried"]
[Result "1-0"]
[WhiteElo "2347"]
[BlackElo "2213"]
[PlyCount "49"]
[EventDate "2001.10.??"]
[EventType "swiss"]
[EventRounds "9"]
[EventCountry "GER"]
[SourceTitle "EXT 2006"]
[Source "ChessBase"]
[SourceDate "2005.11.24"]
[SourceVersion "1"]
[SourceVersionDate "2005.11.24"]
[SourceQuality "1"]

1. d4 Nf6 2. Nf3 e6 3. Bg5 c5 4. Nc3 Qb6 5. Bxf6 gxf6 6. Qd2 cxd4 7. Nxd4 Nc6 8. e3 Be7 9. 0-0-0 a6 10. Be2 Qc7 11. Bf3 b6 12. Nxc6 dxc6 13. Ne4 Bb7 14. Qc3 e5 15. Ng3 0-0 16. Nf5 Rad8 17. Bxc6 Bc8 18. Be4 Qc5 19. Nxe7+ Qxe7 20. Qc6 f5 21. Bd5 Be6 22. Bxe6 Qxe6 23. Qxe6 fxe6 24. Rxd8 Rxd8 25. Rd1 1-0

[Event "Mecklenburg VP-ch Seniors 01st"]
[Site "Plau am See"]
[Date "2001.10.08"]
[Round "4"]
[White "Heil, Siegfried"]
[Black "Schmidt, Wolfgang3333"]
[Result "1/2-1/2"]
[WhiteElo "2347"]
[BlackElo "2212"]
[PlyCount "32"]
[EventDate "2001.10.??"]
[EventType "swiss"]
[EventRounds "9"]
[EventCountry "GER"]
[SourceTitle "EXT 2006"]
[Source "ChessBase"]
[SourceDate "2005.11.24"]
[SourceVersion "1"]
[SourceVersionDate "2005.11.24"]
[SourceQuality "1"]

1. e4 e6 2. d4 d5 3. Nc3 Bb4 4. exd5 exd5 5. Bd3 Nf6 6. Bg5 Be7 7. Nge2 c6 8. 0-0 0-0 9. Ng3 Re8 10. Re1 Bg4 11. Qd2 Nbd7 12. Qf4 h6 13. Bxf6 Nxf6 14. Re5 Be6 15. Nf5 Bxf5 16. Qxf5 Qd7 1/2-1/2

[Event "GER-chT Seniors 10th"]
[Site "Rheda Wiedenbrueck"]
[Date "2001.08.14"]
[Round "3.2"]
[White "Heil, Siegfried"]
[Black "Jentsch, Dieter"]
[Result "1/2-1/2"]
[WhiteElo "2347"]
[BlackElo "2286"]
[PlyCount "42"]
[EventDate "2001.08.12"]
[EventType "team"]
[EventRounds "7"]
[EventCountry "GER"]
[SourceTitle "EXT 2002"]
[Source "ChessBase"]
[SourceDate "2001.11.25"]
[SourceVersion "1"]
[SourceVersionDate "2001.11.25"]
[SourceQuality "1"]
[WhiteTeam "NRW Seniors"]
[BlackTeam "Niedersachsen Seniors"]
[WhiteTeamCountry "GER"]
[BlackTeamCountry "GER"]

1. e4 e6 2. d4 d5 3. Nc3 Bb4 4. exd5 exd5 5. Bd3 Nf6 6. Nge2 c6 7. Bg5 Bg4 8. Qd2 Nbd7 9. 0-0 0-0 10. h3 Bxe2 11. Qxe2 Re8 12. Qf3 h6 13. Bf4 Qe7 14. Ne2 Ne4 15. c3 Bd6 16. Rfe1 Qf6 17. Qg4 Bxf4 18. Nxf4 Nf8 19. Re2 Qg5 20. Rae1 Qxg4 21. hxg4 Nd6 1/2-1/2

[Event "Oberliga NRW 0001 II"]
[Site "NRW"]
[Date "2001.05.06"]
[Round "9.5"]
[White "Rohde, Ulrich"]
[Black "Heil, Siegfried"]
[Result "1/2-1/2"]
[WhiteElo "2266"]
[BlackElo "2377"]
[PlyCount "38"]
[EventDate "2000.09.24"]
[EventType "team"]
[EventRounds "9"]
[EventCountry "GER"]
[SourceTitle "EXT 2006"]
[Source "ChessBase"]
[SourceDate "2005.11.24"]
[SourceVersion "1"]
[SourceVersionDate "2005.11.24"]
[SourceQuality "1"]
[WhiteTeam "Lohmar"]
[BlackTeam "Duesseldorf"]
[WhiteTeamCountry "GER"]
[BlackTeamCountry "GER"]

1. Nf3 d5 2. d4 Bf5 3. c4 e6 4. Nc3 Bb4 5. Qb3 Nc6 6. a3 Bxc3+ 7. Qxc3 Nf6 8. Bg5 dxc4 9. Qxc4 Qd5 10. e3 Be4 11. Qxd5 Bxd5 12. Nd2 0-0-0 13. Rc1 Nb8 14. f3 Bc6 15. b4 h6 16. Bh4 b6 17. Nc4 Kb7 18. Ne5 Be8 19. b5 g5 1/2-1/2

[Event "Oberliga NRW 0001 II"]
[Site "NRW"]
[Date "2001.04.22"]
[Round "8.4"]
[White "Hogenacker, Jacques"]
[Black "Heil, Siegfried"]
[Result "0-1"]
[WhiteElo "2340"]
[BlackElo "2377"]
[PlyCount "100"]
[EventDate "2000.09.24"]
[EventType "team"]
[EventRounds "9"]
[EventCountry "GER"]
[SourceTitle "EXT 2006"]
[Source "ChessBase"]
[SourceDate "2005.11.24"]
[SourceVersion "1"]
[SourceVersionDate "2005.11.24"]
[SourceQuality "1"]
[WhiteTeam "Koeln SF"]
[BlackTeam "Duesseldorf"]
[WhiteTeamCountry "GER"]
[BlackTeamCountry "GER"]

1. e4 e6 2. d4 d5 3. e5 c5 4. c3 Nc6 5. Nf3 Qb6 6. a3 c4 7. g3 Bd7 8. Nh4 Be7 9. Ng2 Na5 10. Nd2 Nh6 11. Rb1 Rc8 12. Nf3 Ng8 13. Bg5 h6 14. Bxe7 Nxe7 15. Nf4 Qb3 16. Qe2 Ba4 17. Rc1 Rc6 18. Bh3 Rb6 19. 0-0 Qxb2 20. Qe3 Bc2 21. Nh5 Rg8 22. Nh4 Nb3 23. Rce1 Bd3 24. Nf6+ gxf6 25. exf6 Qxc3 26. Nf3 Ng6 27. Rd1 Qb2 28. Rfe1 Be4 29. Ne5 Nxe5 30. dxe5 Qxa3 31. Re2 Qc5 32. Qxh6 Bf3 33. Ra2 Bxd1 34. Rxa7 Kd7 35. Qh7 Qf8 36. Ra8 Qxa8 37. Qxf7+ Kc6 38. Qxe6+ Kc5 39. Qe7+ Kd4 40. f7 Rh8 41. Qg5 Kc5 42. Qe7+ Kd4 43. Qg5 c3 44. Qe3+ Kc4 45. Bf1+ Kb4 46. Qxb6+ Ka3 47. Qd6+ Ka2 48. e6 Bh5 49. Qe5 d4 50. g4 Bxf7 0-1

[Event "Oberliga NRW 0001 II"]
[Site "NRW"]
[Date "2001.01.14"]
[Round "5.5"]
[White "Huelsmann, Josef"]
[Black "Heil, Siegfried"]
[Result "1/2-1/2"]
[WhiteElo "2253"]
[BlackElo "2377"]
[PlyCount "37"]
[EventDate "2000.09.24"]
[EventType "team"]
[EventRounds "9"]
[EventCountry "GER"]
[SourceTitle "EXT 2006"]
[Source "ChessBase"]
[SourceDate "2005.11.24"]
[SourceVersion "1"]
[SourceVersionDate "2005.11.24"]
[SourceQuality "1"]
[WhiteTeam "Monheim"]
[BlackTeam "Duesseldorf"]
[WhiteTeamCountry "GER"]
[BlackTeamCountry "GER"]

1. d4 d5 2. Nf3 Bf5 3. c4 e6 4. Qb3 Nc6 5. Bd2 Rb8 6. e3 Nf6 7. Be2 Be7 8. 0-0 0-0 9. Rc1 Ne4 10. Be1 Bf6 11. cxd5 exd5 12. Qa4 Bd7 13. Qc2 Re8 14. b4 Rc8 15. Qb3 Ne7 16. Nc3 Be6 17. Na4 Bg4 18. Rc2 c6 19. Nb2 1/2-1/2

[Event "GER-ch Seniors 13th"]
[Site "Dresden"]
[Date "2001.??.??"]
[Round "9"]
[White "Heil, Siegfried"]
[Black "Davydov, Mihail"]
[Result "1/2-1/2"]
[WhiteElo "2355"]
[BlackElo "2149"]
[PlyCount "104"]
[EventDate "2001.07.??"]
[EventType "swiss"]
[EventRounds "9"]
[EventCountry "GER"]
[SourceTitle "CBM 084 Extra"]
[Source "ChessBase"]
[SourceDate "2001.10.26"]
[SourceVersion "1"]
[SourceVersionDate "2001.10.26"]
[SourceQuality "1"]

1. d4 Nf6 2. c4 g6 3. Nc3 d5 4. Bf4 Bg7 5. e3 0-0 6. Qb3 dxc4 7. Bxc4 c6 8. a4 Nbd7 9. Nf3 Nb6 10. Be2 Be6 11. Qa3 Nfd5 12. Bg3 a5 13. Ng5 Bd7 14. Nce4 Nb4 15. Rc1 h6 16. Nf3 Bf5 17. Nfd2 Nd7 18. 0-0 e5 19. Nd6 Qf6 20. dxe5 Nxe5 21. Nxb7 Nbd3 22. Rc3 Nxb2 23. Rb3 Nxa4 24. Qxa4 Bc2 25. Nc5 Rfd8 26. Nde4 Qe7 27. Rb7 Qxb7 28. Qxc2 Qb4 29. Rb1 Qa3 30. Na4 Rab8 31. Rxb8 Rxb8 32. h3 Rb4 33. Nec5 Qa1+ 34. Kh2 Rb1 35. Bxe5 Rh1+ 36. Kg3 Qxe5+ 37. Kf3 Qf6+ 38. Kg3 Qe5+ 39. Kf3 Qh5+ 40. Kg3 Qg5+ 41. Kf3 Rg1 42. g4 Qf6+ 43. Ke4 Qxf2 44. Kd3 Rg3 45. Qc1 h5 46. Ne4 Rg1 47. Qxc6 Qe1 48. Qe8+ Kh7 49. Ng5+ Kh6 50. Nxf7+ Kh7 51. Ng5+ Kh6 52. Nf7+ Kh7 1/2-1/2

[Event "GER-ch Seniors 13th"]
[Site "Dresden"]
[Date "2001.??.??"]
[Round "7"]
[White "Heil, Siegfried"]
[Black "Trommsdorf, Fro"]
[Result "1-0"]
[WhiteElo "2355"]
[BlackElo "2204"]
[PlyCount "46"]
[EventDate "2001.07.??"]
[EventType "swiss"]
[EventRounds "9"]
[EventCountry "GER"]
[SourceTitle "CBM 084 Extra"]
[Source "ChessBase"]
[SourceDate "2001.10.26"]
[SourceVersion "1"]
[SourceVersionDate "2001.10.26"]
[SourceQuality "1"]

1. e4 c5 2. Nf3 d6 3. d4 cxd4 4. Nxd4 Nf6 5. Nc3 a6 6. Be3 e6 7. f3 Qc7 8. g4 h6 9. Qd2 Be7 10. 0-0-0 b5 11. h4 h5 12. g5 Nbd7 13. g6 Ne5 14. gxf7+ Kxf7 15. f4 Neg4 16. f5 e5 17. Nd5 Qb7 18. Nf3 Re8 19. Bg5 Bf8 20. Be2 Nd7 21. Nh2 Ndf6 22. Bxg4 hxg4 23. Bxf6 gxf6 1-0

[Event "GER-ch Seniors 13th"]
[Site "Dresden"]
[Date "2001.??.??"]
[Round "4"]
[White "Trnovec, Mihaly"]
[Black "Heil, Siegfried"]
[Result "1/2-1/2"]
[WhiteElo "2100"]
[BlackElo "2355"]
[PlyCount "33"]
[EventDate "2001.07.??"]
[EventType "swiss"]
[EventRounds "9"]
[EventCountry "GER"]
[SourceTitle "CBM 084 Extra"]
[Source "ChessBase"]
[SourceDate "2001.10.26"]
[SourceVersion "1"]
[SourceVersionDate "2001.10.26"]
[SourceQuality "1"]

1. e4 e6 2. d4 d5 3. Nc3 Bb4 4. a3 Bxc3+ 5. bxc3 dxe4 6. Qg4 Nf6 7. Qxg7 Rg8 8. Qh6 c5 9. Ne2 Nc6 10. Be3 Rg6 11. Qh4 cxd4 12. cxd4 e5 13. dxe5 Qa5+ 14. Bd2 Qxe5 15. Bc3 Qe7 16. h3 Ng8 17. Qxe7+ 1/2-1/2

[Event "GER-chT Seniors 09th"]
[Site "Halle"]
[Date "2000.08.26"]
[Round "7.2"]
[White "Fronczek, Heinrich"]
[Black "Heil, Siegfried"]
[Result "0-1"]
[WhiteElo "2305"]
[BlackElo "2334"]
[PlyCount "60"]
[EventDate "2000.08.20"]
[EventType "team"]
[EventRounds "7"]
[EventCountry "GER"]
[SourceTitle "EXT 2002"]
[Source "ChessBase"]
[SourceDate "2001.11.25"]
[SourceVersion "1"]
[SourceVersionDate "2001.11.25"]
[SourceQuality "1"]

1. d4 Nf6 2. Nf3 c5 3. d5 e6 4. Nc3 exd5 5. Nxd5 Nxd5 6. Qxd5 Nc6 7. Bg5 Be7 8. 0-0-0 0-0 9. h4 Nb4 10. Qb3 d6 11. e4 Be6 12. Bc4 Bxc4 13. Qxc4 Qc7 14. a3 Nc6 15. Qd5 Rfd8 16. Bf4 Qc8 17. Rd3 b5 18. Rhd1 c4 19. Re3 a6 20. Bg5 h6 21. Nd4 Bxg5 22. Nxc6 Bxe3+ 23. fxe3 Re8 24. Qxd6 Qb7 25. Qd5 Qb6 26. Rd4 Re6 27. Nd8 Rf6 28. c3 Rf1+ 29. Kc2 Qa5 30. Kd2 Rf2+ 0-1

[Event "GER-chT Seniors 09th"]
[Site "Halle"]
[Date "2000.08.22"]
[Round "3.2"]
[White "Heil, Siegfried"]
[Black "Fahnenschmidt, Gerhard"]
[Result "1-0"]
[WhiteElo "2334"]
[BlackElo "2225"]
[PlyCount "71"]
[EventDate "2000.08.20"]
[EventType "team"]
[EventRounds "7"]
[EventCountry "GER"]
[SourceTitle "EXT 2002"]
[Source "ChessBase"]
[SourceDate "2001.11.25"]
[SourceVersion "1"]
[SourceVersionDate "2001.11.25"]
[SourceQuality "1"]

1. d4 d5 2. c4 dxc4 3. Nf3 e6 4. Nc3 a6 5. e3 b5 6. a4 b4 7. Nb1 Nf6 8. Bxc4 Bb7 9. 0-0 c5 10. b3 Qc7 11. Bb2 Ng4 12. Nbd2 cxd4 13. exd4 Qf4 14. h3 h5 15. g3 Qh6 16. d5 Bc5 17. hxg4 hxg4 18. Nh4 exd5 19. Re1+ Kf8 20. Ne4 Nd7 21. Bxd5 Be7 22. Bxb7 Bxh4 23. Qd6+ Qxd6 24. Nxd6 Rb8 25. gxh4 Nc5 26. Rac1 Nd3 27. Rc7 Nxb2 28. Rxf7+ Kg8 29. Bd5 Kh7 30. Ree7 Rhg8 31. Be4+ Kh6 32. Kg2 Rbd8 33. Re6+ Kh5 34. Kg3 Rxd6 35. Rxd6 Re8 36. Rf5+ 1-0

[Event "GER-ch Seniors 11th"]
[Site "Bad Wiessee"]
[Date "1999.04.27"]
[Round "7"]
[White "Heil, Siegfried"]
[Black "Hoennekes, Klaus"]
[Result "1-0"]
[WhiteElo "2355"]
[BlackElo "2143"]
[PlyCount "119"]
[EventDate "1999.04.21"]
[EventType "swiss"]
[EventRounds "9"]
[EventCountry "GER"]
[SourceTitle "EXT 2002"]
[Source "ChessBase"]
[SourceDate "2001.11.25"]
[SourceVersion "1"]
[SourceVersionDate "2001.11.25"]
[SourceQuality "1"]

1. e4 g6 2. d4 Bg7 3. Nc3 c6 4. Be3 d5 5. Nf3 Bg4 6. Be2 Bxf3 7. Bxf3 e6 8. Qd2 a6 9. 0-0-0 b5 10. Rhe1 Ne7 11. Bg5 Ra7 12. h4 h6 13. Bf4 Kf8 14. Kb1 Kg8 15. g4 Nd7 16. h5 g5 17. Bd6 Nc8 18. Bg3 Ncb6 19. b3 Bf8 20. Ne2 a5 21. Nc1 Ba3 22. Bg2 Nf8 23. f4 Bd6 24. Rf1 Bxf4 25. Bxf4 gxf4 26. Qxf4 Nh7 27. exd5 Nxd5 28. Bxd5 cxd5 29. Nd3 Ng5 30. Nc5 Kh7 31. Qd2 Kg7 32. Rf2 Qe7 33. Rdf1 Rh7 34. Qf4 Qc7 35. Qf6+ Kg8 36. Re2 Qe7 37. Qf4 Qc7 38. Nxe6 Qxf4 39. Nxf4 Rd7 40. Re5 Kg7 41. Nxd5 Rh8 42. c3 Rb8 43. Ne3 Kh7 44. Nc2 Ne6 45. Rff5 b4 46. c4 Nxd4 47. Nxd4 Rxd4 48. Rxf7+ Kg8 49. Rf2 Rxg4 50. Rxa5 Rg1+ 51. Kb2 Kg7 52. Ra7+ Kg8 53. Ra6 Kg7 54. Raf6 Rb7 55. R6f5 Rg5 56. Rxg5+ hxg5 57. a3 Kh6 58. Rh2 g4 59. axb4 Rxb4 60. Kc3 1-0

[Event "GER-ch Seniors 11th"]
[Site "Bad Wiessee"]
[Date "1999.04.24"]
[Round "4"]
[White "Heil, Siegfried"]
[Black "Landgraf, Siegfried"]
[Result "1/2-1/2"]
[WhiteElo "2355"]
[BlackElo "2144"]
[PlyCount "35"]
[EventDate "1999.04.21"]
[EventType "swiss"]
[EventRounds "9"]
[EventCountry "GER"]
[SourceTitle "EXT 2002"]
[Source "ChessBase"]
[SourceDate "2001.11.25"]
[SourceVersion "1"]
[SourceVersionDate "2001.11.25"]
[SourceQuality "1"]

1. e4 g6 2. Bc4 Bg7 3. Qf3 e6 4. Bb3 d6 5. d3 Nd7 6. c3 Nc5 7. Bc2 e5 8. Ne2 Ne6 9. 0-0 Nf6 10. Qe3 0-0 11. f4 exf4 12. Nxf4 Nxf4 13. Qxf4 Nh5 14. Qe3 f5 15. Nd2 Qe7 16. d4 Bd7 17. Qd3 Kh8 18. Nf3 1/2-1/2

[Event "BL2-West 9192"]
[Site "Germany"]
[Date "1992.??.??"]
[Round "7.1"]
[White "Heil, Siegfried"]
[Black "Ostojic, Predrag"]
[Result "1/2-1/2"]
[WhiteElo "2370"]
[BlackElo "2355"]
[PlyCount "111"]
[EventDate "1991.10.??"]
[EventType "team-tourn"]
[EventRounds "9"]
[EventCountry "GER"]
[SourceTitle "GER-chT2"]
[Source "ChessBase"]
[SourceDate "1999.07.01"]
[SourceVersion "1"]
[SourceVersionDate "1999.07.01"]
[SourceQuality "1"]
[WhiteTeam "Muelheim"]
[BlackTeam "Frankfurt II"]
[WhiteTeamCountry "GER"]
[BlackTeamCountry "GER"]

1. d4 Nf6 2. Nf3 g6 3. Bg5 Bg7 4. Nbd2 d5 5. e3 0-0 6. Be2 Nbd7 7. 0-0 h6 8. Bh4 g5 9. Bg3 Nh5 10. c4 Nxg3 11. hxg3 c6 12. Qb3 e6 13. Rac1 Qe7 14. Rfe1 f5 15. Bd3 Kh8 16. Qc2 Bf6 17. cxd5 cxd5 18. Nb1 Rf7 19. Re2 g4 20. Ne1 Nf8 21. Qb3 Qd8 22. Rec2 Ng6 23. Nc3 Rb8 24. Be2 h5 25. Nd3 Bd7 26. Nc5 h4 27. gxh4 Nxh4 28. g3 Nf3+ 29. Kg2 Rh7 30. Bxf3 gxf3+ 31. Kxf3 Qg8 32. Ke2 Qg4+ 33. Kd3 Bc8 34. Ne2 b6 35. Kd2 Rh2 36. Nd3 Ba6 37. Rc6 Rxf2 38. Rh1+ Kg8 39. Qd1 Bxd3 40. Kxd3 Qe4+ 41. Kd2 Bg5 42. Rc3 Qxd4+ 43. Ke1 Qxd1+ 44. Kxd1 Bf6 45. Rc7 Bxb2 46. Rhh7 Bh8 47. Rxa7 e5 48. Rhd7 Rf1+ 49. Kd2 Ra1 50. Nc3 d4 51. exd4 exd4 52. Nd5 Re8 53. Ne7+ Kf7 54. Nxf5+ Ke6 55. Nxd4+ Bxd4 56. Rxd4 1/2-1/2